निवेदिता : (Record no. 116337)

MARC details
000 -LEADER
fixed length control field 01105nam a22002777a 4500
003 - CONTROL NUMBER IDENTIFIER
control field dpl
005 - DATE AND TIME OF LATEST TRANSACTION
control field 20190411155459.0
008 - FIXED-LENGTH DATA ELEMENTS--GENERAL INFORMATION
fixed length control field 190411b ||||| |||| 00| 0 eng d
010 ## - LIBRARY OF CONGRESS CONTROL NUMBER
LC control number B-037534
020 ## - INTERNATIONAL STANDARD BOOK NUMBER
Terms of availability 200.00
International Standard Book Number 8174833779
035 ## - SYSTEM CONTROL NUMBER
System control number B-037534, B-037556
037 ## - SOURCE OF ACQUISITION
Source of stock number/acquisition Cen Lib/Ret
040 ## - CATALOGING SOURCE
Original cataloging agency DPL
Language of cataloging HN
Transcribing agency 0
082 ## - DEWEY DECIMAL CLASSIFICATION NUMBER
Classification number
Item number ओझाद
100 ## - MAIN ENTRY--PERSONAL NAME
Personal name ओझा, दशरथ
9 (RLIN) 2233
245 ## - TITLE STATEMENT
Title निवेदिता :
Statement of responsibility, etc दशरथ ओझा
Remainder of title मौलिक, सांस्कृतिक उपन्यास /
246 ## - VARYING FORM OF TITLE
Title proper/short title Nivedita : maulik, sanskritik upanyas /
Remainder of title by Dashrath Ojha
260 ## - PUBLICATION, DISTRIBUTION, ETC. (IMPRINT)
Place of publication, distribution, etc दिल्ली
Name of publisher, distributor, etc राजपाल
Date of publication, distribution, etc 2000
270 ## - ADDRESS
City दिल्ली
Address कश्मीरी गेट
Postal code 110006
300 ## - PHYSICAL DESCRIPTION
Extent 254पृ.
Dimensions 22सेमी (सजिल्द)
650 ## - SUBJECT ADDED ENTRY--TOPICAL TERM
Topical term or geographic name as entry element हिन्दी साहित्य
9 (RLIN) 66004
650 ## - SUBJECT ADDED ENTRY--TOPICAL TERM
Topical term or geographic name as entry element हिन्दी साहित्य -- उपन्यास
9 (RLIN) 46379
650 ## - SUBJECT ADDED ENTRY--TOPICAL TERM
Topical term or geographic name as entry element Hindi literature
9 (RLIN) 66005
650 ## - SUBJECT ADDED ENTRY--TOPICAL TERM
Topical term or geographic name as entry element Hindi literature -- Fiction
9 (RLIN) 66006
942 ## - ADDED ENTRY ELEMENTS (KOHA)
Source of classification or shelving scheme Dewey Decimal Classification
Koha item type Hindi Books
Classification part
Call number suffix ओझाद
Holdings
Withdrawn status Lost status Damaged status Not for loan Home library Current library Date acquired Source of acquisition Cost, normal purchase price Total Checkouts Full call number Barcode Date last seen Date checked out Copy number Cost, replacement price Price effective from Koha item type Source of classification or shelving scheme Collection code
        Central Library Central Library 24/08/2015 Cen Lib/Ret 200.00 1 उ ओझाद B-037534 09/01/2019 27/12/2018 1 200.00 24/08/2015 Hindi Books    
        Shahdara Branch Shahdara Branch 11/04/2019 BPPD/PUB 200.00   उ ओझाद B-037556 11/04/2019     200.00 11/04/2019 Hindi Books Dewey Decimal Classification Fiction

© Delhi Public Library
Hit Counter
free hit counter